JRの駅より私鉄・三セクの駅の方が多い都道府県 - Statistics

General Stats
  • This quiz has been taken 96 times
  • The average score is 11 of 24
Answers on the Grid
Answers color-coded by a green-red scale on the quiz's grid according to % correct below.
北海道
青森県
岩手県
宮城県
秋田県
山形県
福島県
茨城県
栃木県
群馬県
埼玉県
千葉県
東京都
神奈川県
新潟県
富山県
石川県
福井県
山梨県
長野県
岐阜県
静岡県
愛知県
三重県
滋賀県
京都府
大阪府
兵庫県
奈良県
和歌山県
鳥取県
島根県
岡山県
広島県
山口県
徳島県
香川県
愛媛県
高知県
福岡県
佐賀県
長崎県
熊本県
大分県
宮崎県
鹿児島県
沖縄県
 
Answer Stats
Answer % Correct
東京都
89%
大阪府
85%
神奈川県
79%
愛知県
70%
富山県
66%
奈良県
66%
福井県
61%
京都府
61%
兵庫県
56%
沖縄県
56%
埼玉県
55%
石川県
55%
三重県
49%
千葉県
42%
福岡県
34%
栃木県
25%
高知県
21%
群馬県
20%
滋賀県
20%
香川県
17%
岐阜県
15%
静岡県
13%
長崎県
13%
熊本県
10%
No matching quizzes found
Score Distribution
Percent of People with Each Score
Percentile by Number Answered
Your Score History
You have not taken this quiz